000 00531nam a2200193Ia 4500
005 20250923144615.0
008 008 250917s9999 xx 000 0 eng d
037 _aTextual
040 _aDSWL
_beng
_cDSWL
041 _aeng
_2eng
084 _aYN:45, J5
_qDSWL
245 0 _aPrisons and borstals
_cby Her Majesty's Stationary Office
260 _aLondon
_bHer Majesty's Stationery Office
_c1957
300 _a99p.
365 _aINR
_b4
925 _g4
942 _cTEXL
_hYN:45, J5
999 _c1441089
_d1441089